| 000 | 00608nam a2200241Ia 4500 | ||
|---|---|---|---|
| 005 | 20250425162324.0 | ||
| 008 | 250425s9999 xx 000 0 und d | ||
| 020 | _a9701511743 | ||
| 041 | _aspa | ||
| 082 | _a004.165 | ||
| 100 | _aPALACIOS MUNICIO, ENRIQUE | ||
| 245 | 0 | _aMICROCONTROLADOR PIC16F84: DESARROLLO DE PROYECTOS | |
| 250 | _a2A ED. | ||
| 260 | _aMEXICO | ||
| 260 |
_aMéxico _bALFAOMEGA _c2006 |
||
| 300 | _a623 | ||
| 650 | _aCONTROL DE PROCESOS | ||
| 650 | _aMEMORIA | ||
| 650 | _aMICROCONTROLADORES PIC | ||
| 650 | _aPROGRAMAS DE APLICACION | ||
| 942 | _c01 | ||
| 010 | _a62203 | ||
| 999 |
_c226857 _d226857 |
||